Agresívne marketingové praktiky a kampane

Prudký rozvoj internetu a telekomunikačných technológií prináša pre firmy nové možnosti ako osloviť svojich potenciálnych zákazníkov. Právny rámec ochrany spotrebiteľa. Harmonizácia ochrany spotrebiteľa na vnútornom trhu Európskej únie. Čierna listina nekalých obchodných praktík.

Gespeichert in:
Bibliographische Detailangaben
1. Verfasser: Zaujecová, Dáša
Format: Buchkapitel
Sprache:Slowakisch
Schlagworte:
Tags: Tag hinzufügen
Keine Tags, Fügen Sie das erste Tag hinzu!

MARC

LEADER 00000nla$a2200000$$$4500
001 0120242
005 20240502072339.5
041 0 |a slo 
044 |a SK 
245 1 0 |a Agresívne marketingové praktiky a kampane  |c Dáša Zaujecová 
520 |a Prudký rozvoj internetu a telekomunikačných technológií prináša pre firmy nové možnosti ako osloviť svojich potenciálnych zákazníkov. Právny rámec ochrany spotrebiteľa. Harmonizácia ochrany spotrebiteľa na vnútornom trhu Európskej únie. Čierna listina nekalých obchodných praktík. 
610 2 0 |a reklama 
610 2 0 |a kampane reklamné 
610 2 0 |a agresia 
610 2 0 |a marketing 
610 2 0 |a komunikácia marketingová 
610 2 0 |a kódexy etické 
610 2 0 |a ochrana spotrebiteľa 
100 1 |a Zaujecová, Dáša